[Event "44th Badalona Open 2018"]
[Site "Badalona"]
[Date "2018.08.08"]
[Round "8"]
[White "Verstraeten, Reinaert"]
[Black "Fluvia Poyatos, Jordi"]
[Result "1/2-1/2"]
[WhiteElo "2303"]
[BlackElo "2442"]
[Annotator "NA"]
[PlyCount "30"]
[EventDate "2018.08.01"]
[EventType "swiss"]
[EventCountry "ESP"]
[SourceTitle "playchess.com"]
[Source "ChessBase"]
[SourceQuality "1"]
[TimeControl "5400+30"]

1. c4 e6 {[%emt 0:01:33]} 2. Nf3 {[%emt 0:00:00]} Nf6 {[%emt 0:00:59]} 3. g3 {[%emt 0:00:14]} d5 {[%emt 0:00:45]} 4. d4 {[%emt 0:00:13]} dxc4 {[%emt 0:01:24]} 5. Bg2 {[%emt 0:00:09]} Nc6 {[%emt 0:00:33]} 6. Qa4 {[%emt 0:00:41]} Bb4+ {[%emt 0:00:52]} 7. Bd2 {[%emt 0:00:30]} Bd6 {[%emt 0:02:20]} 8. Qxc4 {[%emt 0:06:49]} O-O {[%emt 0:00:30]} 9. O-O {[%emt 0:00:10]} e5 {[%emt 0:00:51]} 10. dxe5 {[%emt 0:15:01]} Nxe5 {[%emt 0:00:12]} 11. Nxe5 {[%emt 0:01:22]} Bxe5 {[%emt 0:06:24]} 12. Qc2 {[%emt 0:00:23]} c6 {[%emt 0:00:30]} 13. Bc3 {[%emt 0:01:42]} Qe7 {[%emt 0:02:16]} 14. Bxe5 {[%emt 0:04:45]} Qxe5 {[%emt 0:00:30]} 15. Nc3 {[%emt 0:00:27]} Be6 1/2-1/2

[Event "44th Badalona Open 2018"]
[Site "Badalona"]
[Date "2018.08.08"]
[Round "8"]
[White "De Strycker, Nathan"]
[Black "Ootes, Lars"]
[Result "1/2-1/2"]
[WhiteElo "2251"]
[BlackElo "2379"]
[Annotator "NA"]
[PlyCount "42"]
[EventDate "2018.08.01"]
[EventType "swiss"]
[EventCountry "ESP"]
[SourceTitle "playchess.com"]
[Source "ChessBase"]
[SourceQuality "1"]
[TimeControl "5400+30"]

1. d4 d6 {[%emt 0:00:00]} 2. c4 {[%emt 0:02:57]} f5 {[%emt 0:00:02]} 3. Nf3 {[%emt 0:00:30]} Nf6 {[%emt 0:00:30]} 4. g3 {[%emt 0:02:59]} g6 {[%emt 0:00:18]} 5. Bg2 {[%emt 0:00:03]} Bg7 {[%emt 0:00:12]} 6. O-O {[%emt 0:00:06]} O-O {[%emt 0:00:12]} 7. b3 {[%emt 0:01:07]} c6 {[%emt 0:03:53]} 8. Bb2 {[%emt 0:00:42]} a5 {[%emt 0:03:42]} 9. Nc3 {[%emt 0:04:54]} Qc7 {[%emt 0:00:30]} 10. d5 {[%emt 0:06:37]} Na6 {[%emt 0:02:49]} 11. Nd4 {[%emt 0:00:30]} e5 {[%emt 0:20:38]} 12. dxe6 {[%emt 0:05:53]} Nc5 {[%emt 0:10:07]} 13. Qd2 {[%emt 0:04:15]} a4 14. Rad1 {[%emt 0:09:01]} axb3 {[%emt 0:09:32]} 15. axb3 {[%emt 0:00:30]} Re8 {[%emt 0:06:16]} 16. Ra1 {[%emt 0:12:35]} Rxa1 {[%emt 0:13:09]} 17. Rxa1 {[%emt 0:00:30]} Qb6 {[%emt 0:05:04]} 18. Na4 {[%emt 0:05:13]} Nxa4 {[%emt 0:00:30]} 19. Rxa4 {[%emt 0:00:39]} Bxe6 {[%emt 0:01:25]} 20. Nxe6 {[%emt 0:13:01]} Rxe6 {[%emt 0:01:50]} 21. Bxf6 {[%emt 0:05:31]} Bxf6 {[%emt 0:05:28]} 1/2-1/2

[Event "44th Badalona Open 2018"]
[Site "Badalona"]
[Date "2018.08.08"]
[Round "8"]
[White "Mut Company, Guillem Joan"]
[Black "Ferre Campos, Josep"]
[Result "1/2-1/2"]
[WhiteElo "1898"]
[BlackElo "1878"]
[Annotator "NA"]
[PlyCount "35"]
[EventDate "2018.08.01"]
[EventType "swiss"]
[EventCountry "ESP"]
[SourceTitle "playchess.com"]
[Source "ChessBase"]
[SourceQuality "1"]
[TimeControl "5400+30"]

1. d4 {[%emt 0:00:00]} d6 {[%emt 0:00:30]} 2. Nf3 {[%emt 0:00:18]} g6 {[%emt 0:00:34]} 3. e4 {[%emt 0:02:25]} Bg7 {[%emt 0:00:19]} 4. c4 {[%emt 0:00:49]} Nd7 {[%emt 0:01:40]} 5. Nc3 {[%emt 0:01:23]} c5 {[%emt 0:00:32]} 6. d5 {[%emt 0:01:29]} a6 {[%emt 0:03:26]} 7. a4 {[%emt 0:04:05]} Rb8 {[%emt 0:09:30]} 8. Be2 {[%emt 0:05:56]} Ngf6 {[%emt 0:08:44]} 9. h3 {[%emt 0:00:51]} h6 {[%emt 0:04:42]} 10. O-O {[%emt 0:02:37]} O-O {[%emt 0:00:42]} 11. Be3 {[%emt 0:03:15]} Kh7 {[%emt 0:07:04]} 12. Nd2 {[%emt 0:03:52]} g5 {[%emt 0:05:17]} 13. Qc2 {[%emt 0:10:15]} Ne5 {[%emt 0:00:34]} 14. Nf3 {[%emt 0:02:59]} Nfd7 {[%emt 0:00:17]} 15. Nxe5 {[%emt 0:04:02]} Nxe5 {[%emt 0:08:18]} 16. f4 gxf4 17. Bxf4 Qe8 18. Rf2 1/2-1/2

[Event "44th Badalona Open 2018"]
[Site "Badalona"]
[Date "2018.08.08"]
[Round "8"]
[White "Casares Bonals, Ainhoa"]
[Black "Kruijf, Caspar"]
[Result "1-0"]
[WhiteElo "1637"]
[BlackElo "1918"]
[Annotator "NA"]
[PlyCount "117"]
[EventDate "2018.08.01"]
[EventType "swiss"]
[EventCountry "ESP"]
[SourceTitle "playchess.com"]
[Source "ChessBase"]
[SourceQuality "1"]
[TimeControl "5400+30"]

1. e4 {[%emt 0:00:00]} e5 {[%emt 0:00:00]} 2. Nf3 {[%emt 0:00:00]} Nc6 {[%emt 0:00:00]} 3. d4 {[%emt 0:00:13]} exd4 {[%emt 0:00:00]} 4. Bc4 {[%emt 0:00:55]} Bc5 {[%emt 0:00:00]} 5. O-O {[%emt 0:00:46]} Nf6 {[%emt 0:00:00]} 6. e5 {[%emt 0:01:06]} d5 {[%emt 0:00:00]} 7. exf6 {[%emt 0:00:23]} dxc4 {[%emt 0:00:00]} 8. fxg7 {[%emt 0:01:18]} Rg8 {[%emt 0:00:11]} 9. Bg5 {[%emt 0:06:28]} Be7 {[%emt 0:00:52]} 10. Re1 {[%emt 0:08:29]} Be6 {[%emt 0:03:53]} 11. Bxe7 {[%emt 0:16:01]} Kxe7 {[%emt 0:03:58]} 12. c3 {[%emt 0:02:59]} d3 {[%emt 0:15:36]} 13. Nbd2 {[%emt 0:17:03]} Qd5 {[%emt 0:07:30]} 14. b3 {[%emt 0:02:46]} cxb3 {[%emt 0:03:21]} 15. axb3 {[%emt 0:00:30]} Rxg7 {[%emt 0:11:57]} 16. c4 {[%emt 0:02:53]} Qf5 {[%emt 0:12:33]} 17. Nf1 {[%emt 0:04:30]} Qg6 {[%emt 0:00:30]} 18. Ng3 {[%emt 0:01:40]} Kf8 {[%emt 0:04:52]} 19. h3 {[%emt 0:26:06]} Rd8 20. Ne5 {[%emt 0:00:25]} Nxe5 {[%emt 0:01:02]} 21. Rxe5 {[%emt 0:02:11]} Qf6 22. Re3 {[%emt 0:00:56]} Qd4 {[%emt 0:05:05]} 23. Ra2 {[%emt 0:00:42]} d2 {[%emt 0:00:40]} 24. Kh2 {[%emt 0:00:37]} a6 {[%emt 0:21:44]} 25. Re2 {[%emt 0:00:30]} Qc5 {[%emt 0:01:47]} 26. Rexd2 {[%emt 0:00:57]} Re8 {[%emt 0:00:56]} 27. Rd8 {[%emt 0:01:11]} Qe7 {[%emt 0:00:55]} 28. Rad2 {[%emt 0:01:02]} f6 29. Rxe8+ {[%emt 0:00:38]} Kxe8 {[%emt 0:00:36]} 30. Re2 {[%emt 0:00:26]} Qd7 {[%emt 0:01:02]} 31. Qe1 {[%emt 0:01:01]} Re7 {[%emt 0:02:46]} 32. Nh5 {[%emt 0:00:24]} Qd6+ 33. Kg1 {[%emt 0:00:36]} Kf7 {[%emt 0:01:01]} 34. Qb1 {[%emt 0:00:15]} f5 {[%emt 0:01:12]} 35. Qb2 {[%emt 0:00:44]} Kg6 {[%emt 0:01:25]} 36. Qf6+ {[%emt 0:00:30]} Kxh5 {[%emt 0:00:12]} 37. g4+ {[%emt 0:00:11]} fxg4 {[%emt 0:00:02]} 38. Re5+ {[%emt 0:00:15]} Qxe5 39. Qxe5+ {[%emt 0:00:22]} Kg6 {[%emt 0:01:03]} 40. hxg4 {[%emt 0:00:30]} Kf7 {[%emt 0:01:00]} 41. g5 {[%emt 0:01:02]} Ke8 {[%emt 0:00:07]} 42. Qh8+ {[%emt 0:00:31]} Kd7 43. Qb8 {[%emt 0:00:47]} Kc6 {[%emt 0:00:51]} 44. Qf8 {[%emt 0:00:10]} Kd7 {[%emt 0:01:16]} 45. Qh8 {[%emt 0:00:42]} Bf5 {[%emt 0:01:09]} 46. Qd4+ {[%emt 0:00:33]} Ke8 {[%emt 0:00:37]} 47. f4 {[%emt 0:00:41]} Re1+ {[%emt 0:00:30]} 48. Kf2 {[%emt 0:00:15]} Re4 49. Qh8+ {[%emt 0:00:41]} Kd7 {[%emt 0:00:38]} 50. Qg7+ {[%emt 0:00:24]} Re7 {[%emt 0:01:35]} 51. Qf6 {[%emt 0:00:38]} Bc2 {[%emt 0:00:22]} 52. f5 {[%emt 0:00:30]} Ke8 {[%emt 0:00:30]} 53. Qh8+ {[%emt 0:00:24]} Kd7 {[%emt 0:00:12]} 54. Qd4+ {[%emt 0:00:01]} Ke8 {[%emt 0:00:01]} 55. f6 {[%emt 0:00:35]} Re4 {[%emt 0:00:25]} 56. Qd5 {[%emt 0:00:44]} Rf4+ 57. Kg3 {[%emt 0:00:30]} Re4 {[%emt 0:01:30]} 58. Qg8+ {[%emt 0:00:28]} Kd7 59. f7 {[%emt 0:00:30]} 1-0

[Event "44th Badalona Open 2018"]
[Site "Badalona"]
[Date "2018.08.09"]
[Round "9"]
[White "Aguero Jimenez, Luis Lazaro"]
[Black "Narciso Dublan, Marc"]
[Result "1/2-1/2"]
[WhiteElo "2482"]
[BlackElo "2483"]
[Annotator "TA"]
[PlyCount "172"]
[EventDate "2018.08.01"]
[EventType "swiss"]
[EventCountry "ESP"]
[SourceTitle "playchess.com"]
[Source "ChessBase"]
[SourceQuality "1"]

{[%evp 25,172,38,43,-8,38,18,18,0,33,37,33,33,26,14,14,10,5,9,16,0,4,-11,0,-27,-27,-25,-22,-32,-25,-28,-21,-22,-22,-58,-31,-33,-31,-29,-33,-66,-31,-85,-74,-82,-80,-131,-133,-135,-135,-156,-142,-141,-146,-156,-147,-141,-70,-70,-70,-109,-70,-70,-70,-70,-70,-70,-45,-100,-100,-100,-100,-100,-100,-100,-100,-100,-100,-100,-100,-100,-55,-55,0,-96,0,-96,-55,-96,0,0,0,0,0,0,0,0,0,0,0,0,0,0,0,0,0,0,0,0,0,0,0,0,0,0,0,-31,-31,-31,-31,-48,0,0,0,-63,0,0,0,0,0,0,0,0,0,0,0,0,0,0,0,0,0,0,0,0,0,0,0,0,0]} 1. e4 e5 2. Nf3 Nc6 3. Bb5 a6 4. Ba4 Nf6 5. O-O Be7 6. Re1 b5 7. Bb3 d6 8. a4 Bg4 9. c3 O-O 10. h3 Bxf3 11. Qxf3 Na5 12. Bc2 b4 {C90: Closed Ruy Lopez with 7...d6: Early deviations} (12... c5 13. axb5 axb5 14. d3 Qd7 15. Nd2 Nc6 16. Rb1 d5 17. exd5 Nxd5 18. Nf1 Kh8 19. Bd2 f5 20. Ra1 Rad8 21. Ra6 Rf6 22. Raa1 h6 23. Qh5 Rdf8 24. Nh2 Rd6 25. Qe2 {½-½ (25) Dominguez Perez,L (2732)-Adams,M (2742) Baku 2015}) 13. d4 c5 {LiveBook: 18 Games} 14. Nd2 (14. d5 $14) 14... Nd7 15. dxc5 $146 (15. d5 {looks sharper.} Bg5 16. b3 Qf6 17. Qg4 Rad8 18. h4) ({Predecessor:} 15. dxe5 Nxe5 16. Qe2 Bf6 17. cxb4 Nac6 18. bxc5 Nd4 19. Qd1 dxc5 20. Ra3 {½-½ (58) Bolignano,G (2286)-Venni,A (2228) ICCF email 2013}) 15... bxc3 16. Qxc3 dxc5 17. Bb3 Rb8 18. Bc4 Qb6 19. Nf1 {[%cal Bd2f1,Bf1g3,Bg3f5][%mdl 32]} Nxc4 20. Qxc4 Qb4 21. Qe2 Rfc8 22. Rd1 Nf6 23. Ng3 c4 24. Nf5 Bf8 25. Qf3 c3 26. bxc3 Qxe4 27. Qxe4 Nxe4 28. Re1 Rc4 29. Ba3 f6 30. Bxf8 Kxf8 31. Red1 Nc5 32. Rd6 Rc8 $36 {[%mdl 2048] Black is more active.} 33. Ra3 (33. Rb6 $15 Rxc3 34. a5) 33... a5 34. Rd5 Ra8 ({Inferior is} 34... Nxa4 35. Nd6 $16) 35. Nd6 (35. Ra2 $142) 35... Rxa4 $17 36. Rxa4 Nxa4 {[%mdl 4096] Endgame KRN-KRN} 37. c4 Nc3 38. Rd3 Ne2+ 39. Kf1 Nd4 40. Nb5 Nxb5 (40... Ne6 $17 41. f3 Ke7) 41. cxb5 {KR-KR} Rb8 42. Rd5 Ke7 43. b6 $1 Rxb6 44. Rxa5 Kf7 45. g3 g5 46. g4 (46. Ra4 $15) 46... Kg6 47. Kg2 h5 48. Ra8 Rb4 49. Kg3 h4+ 50. Kg2 Rb7 51. Ra6 Kf7 52. Rc6 e4 53. Rc4 Re7 (53... e3 $1 $15 54. fxe3 Rb2+ 55. Kg1 Ke7) 54. Ra4 (54. Kf1 $1 $11) 54... Kg6 ({Black should try} 54... e3 $17 {Threatens to win with ...e2.} 55. Kf1 Re8) 55. Ra5 (55. Kf1 $1 $11) 55... Re5 56. Ra7 f5 (56... e3 $17 {Hoping for ...e2.} 57. Ra1 Kf7) 57. Ra6+ $11 Kf7 {...fxg4 is the strong threat.} 58. gxf5 Rxf5 59. Rb6 Rf6 60. Rb5 Kg6 61. Re5 Rf4 62. Re8 Kf6 63. Kg1 Kf7 64. Re5 Kf6 65. Re8 Kg6 66. Rg8+ Kf5 67. Rf8+ Ke5 68. Re8+ Kd4 69. Rd8+ Kc4 70. Kg2 Rf5 71. Rd7 Rd5 72. Ra7 Rd2 73. Re7 Kd3 74. Re5 (74. Kf1 $11) 74... g4 (74... Kd4 $1 $15 75. Re8 Rc2 76. Rd8+ Ke5) 75. hxg4 {The position is equal.} h3+ 76. Kxh3 {[#] And now Rd5+ would win.} Rxf2 77. Kh4 e3 78. Kh5 e2 79. g5 Rf1 {[#]} 80. Rxe2 $3 {[%mdl 512]} Rh1+ (80... Kxe2 81. g6) 81. Kg6 Kxe2 82. Kf7 Rf1+ 83. Ke6 Rg1 84. Kf6 Ke3 85. g6 Rf1+ 86. Ke7 Rg1 {Precision: White = 64%, Black = 55%.} 1/2-1/2

[Event "44th Badalona Open 2018"]
[Site "Badalona"]
[Date "2018.08.09"]
[Round "9"]
[White "Oliva Castaneda, Kevel"]
[Black "Gallego Alcaraz, Andres Felipe"]
[Result "1/2-1/2"]
[WhiteElo "2478"]
[BlackElo "2500"]
[Annotator "ChessBase"]
[PlyCount "35"]
[EventDate "2018.08.01"]
[EventType "swiss"]
[EventCountry "ESP"]
[SourceTitle "playchess.com"]
[Source "ChessBase"]
[SourceQuality "1"]
[TimeControl "5400+30"]

1. Nf3 {[%emt 0:00:00]} Nf6 {[%emt 0:00:00]} 2. c4 {[%emt 0:00:00]} c5 {[%emt 0:00:00]} 3. g3 d5 {[%emt 0:00:05]} 4. cxd5 {[%emt 0:00:03]} Nxd5 {[%emt 0:00:09]} 5. Bg2 {[%emt 0:00:00]} Nc6 6. O-O {[%emt 0:00:06]} e5 {[%emt 0:00:42]} 7. Nc3 {[%emt 0:00:25]} Nc7 {[%emt 0:00:04]} 8. a3 {[%emt 0:01:48]} Be7 {[%emt 0:07:15]} 9. b4 {[%emt 0:05:32]} f6 {[%emt 0:00:15]} 10. bxc5 {[%emt 0:05:12]} Bxc5 {[%emt 0:02:20]} 11. Qb3 {[%emt 0:04:28]} Na5 {[%emt 0:02:30]} 12. Qc2 {[%emt 0:05:32]} O-O {[%emt 0:06:56]} 13. Rb1 Be6 14. Rd1 Rc8 15. d4 exd4 16. Na4 Na6 17. Nxc5 Rxc5 18. Qb2 1/2-1/2

[Event "44th Badalona Open 2018"]
[Site "Badalona"]
[Date "2018.08.09"]
[Round "9"]
[White "Fluvia Poyatos, Jordi"]
[Black "Escalante Ramirez, Brian Sebastian"]
[Result "*"]
[WhiteElo "2441"]
[BlackElo "2438"]
[Annotator "TA"]
[PlyCount "17"]
[EventDate "2018.08.01"]
[EventType "swiss"]
[EventCountry "ESP"]
[SourceTitle "playchess.com"]
[Source "ChessBase"]
[SourceQuality "1"]

{[%evp 13,17,-18,-6,-14,-15,-33]} 1. e4 Nf6 2. d3 d5 3. Nd2 e5 4. Ngf3 Nc6 5. c3 a5 6. Be2 {C44: Ponziani Opening and Scotch Gambit} (6. exd5 Nxd5 7. g3 g6 8. Bg2 Bg7 9. O-O O-O 10. a4 Nb6 11. Nb3 Bf5 12. Ne1 Nd5 13. Kh1 b6 14. f4 Qd7 15. fxe5 Nxe5 16. d4 Ng4 17. Qf3 Rae8 18. Qxd5 Nf2+ 19. Kg1 Nh3+ {½-½ (19) Jobava,B (2661)-Inarkiev,E (2686) Gjakova 2016}) 6... Bd6 7. O-O O-O {LiveBook: 5 Games} 8. Re1 Re8 9. Qc2 $146 ({Predecessor:} 9. Bf1 Ne7 10. d4 Ng6 11. dxe5 Nxe5 12. exd5 Bg4 13. Be2 Bxf3 14. Nxf3 Nfg4 15. Nxe5 Nxe5 {½-½ (32) Neuman,P (2459)-Belyakov,B (2349) Pardubice 2011}) *

[Event "44th Badalona Open 2018"]
[Site "Badalona"]
[Date "2018.08.09"]
[Round "9"]
[White "Sturt, Raven M"]
[Black "Diaz Camallonga, Carles"]
[Result "1/2-1/2"]
[WhiteElo "2437"]
[BlackElo "2445"]
[Annotator "NA"]
[PlyCount "119"]
[EventDate "2018.08.01"]
[EventType "swiss"]
[EventCountry "ESP"]
[SourceTitle "playchess.com"]
[Source "ChessBase"]
[SourceQuality "1"]
[TimeControl "5400+30"]

1. d4 e6 {[%emt 0:23:40]} 2. c4 Nf6 {[%emt 0:00:30]} 3. Nc3 Bb4 {[%emt 0:00:30]} 4. Qc2 O-O {[%emt 0:00:30]} 5. e4 d6 {[%emt 0:00:30]} 6. Bd3 e5 {[%emt 0:00:30]} 7. a3 exd4 {[%emt 0:00:30]} 8. axb4 dxc3 {[%emt 0:00:30]} 9. bxc3 Re8 {[%emt 0:00:30]} 10. Ne2 Nc6 {[%emt 0:00:30]} 11. Ng3 {[%emt 0:53:34]} a5 {[%emt 0:00:30]} 12. f4 {[%emt 0:00:30]} Ng4 {[%emt 0:00:30]} 13. Be2 {[%emt 0:00:30]} Qh4 {[%emt 0:00:30]} 14. b5 {[%emt 0:00:30]} Nb8 {[%emt 0:26:05]} 15. Bxg4 {[%emt 0:18:36]} Qxg4 {[%emt 0:09:51]} 16. O-O {[%emt 0:00:27]} Qd7 {[%emt 0:03:25]} 17. Ba3 {[%emt 0:10:14]} f6 {[%emt 0:00:30]} 18. Rad1 {[%emt 0:00:10]} Qe6 {[%emt 0:05:19]} 19. e5 {[%emt 0:09:39]} dxe5 {[%emt 0:00:30]} 20. fxe5 {[%emt 0:00:09]} Nd7 {[%emt 0:00:06]} 21. exf6 {[%emt 0:01:10]} Nxf6 {[%emt 0:00:05]} 22. Qd2 {[%emt 0:00:23]} Qf7 {[%emt 0:04:53]} 23. Qd4 {[%emt 0:01:42]} Qg6 {[%emt 0:04:00]} 24. Qc5 {[%emt 0:00:04]} Bg4 {[%emt 0:01:47]} 25. Rd4 {[%emt 0:00:01]} Rac8 {[%emt 0:00:34]} 26. Rdf4 {[%emt 0:00:37]} h6 {[%emt 0:05:40]} 27. b6 {[%emt 0:00:05]} Nd7 {[%emt 0:01:26]} 28. Qd4 {[%emt 0:00:25]} Be6 {[%emt 0:00:07]} 29. bxc7 {[%emt 0:00:49]} Rxc7 {[%emt 0:03:26]} 30. c5 {[%emt 0:00:16]} Kh7 {[%emt 0:00:30]} 31. Ne4 {[%emt 0:00:13]} Nb8 {[%emt 0:01:20]} 32. Nd6 {[%emt 0:03:40]} Nc6 {[%emt 0:00:25]} 33. Qf2 {[%emt 0:00:01]} Rd8 34. Rf3 {[%emt 0:00:13]} Re7 {[%emt 0:01:53]} 35. Rg3 {[%emt 0:00:13]} Qh5 {[%emt 0:00:13]} 36. h3 {[%emt 0:00:47]} Ne5 {[%emt 0:01:58]} 37. c4 {[%emt 0:00:57]} Ng6 {[%emt 0:01:05]} 38. Qc2 {[%emt 0:00:18]} Bd7 {[%emt 0:01:17]} 39. Kh2 {[%emt 0:00:58]} Bc6 {[%emt 0:01:26]} 40. Rf2 {[%emt 0:01:13]} Rdd7 {[%emt 0:00:29]} 41. Qc3 {[%emt 0:00:24]} Qe5 {[%emt 0:01:00]} 42. Qc2 {[%emt 0:01:26]} Re6 {[%emt 0:00:00]} 43. Rf5 {[%emt 0:00:30]} Qe2 {[%emt 0:00:10]} 44. Qb1 {[%emt 0:00:07]} Be4 {[%emt 0:00:22]} 45. Nxe4 {[%emt 0:00:15]} Qxe4 {[%emt 0:00:04]} 46. Qxe4 {[%emt 0:01:17]} Rxe4 {[%emt 0:00:04]} 47. c6 {[%emt 0:00:08]} bxc6 {[%emt 0:00:07]} 48. Rxa5 {[%emt 0:00:44]} Rxc4 {[%emt 0:00:05]} 49. Rc5 {[%emt 0:00:28]} Rxc5 {[%emt 0:00:21]} 50. Bxc5 {[%emt 0:00:00]} Nf4 {[%emt 0:01:55]} 51. Rg4 {[%emt 0:00:18]} Ne6 52. Be3 {[%emt 0:00:00]} Kg8 {[%emt 0:01:03]} 53. Bxh6 {[%emt 0:00:19]} Rd4 {[%emt 0:01:52]} 54. Rg3 {[%emt 0:00:26]} Kf7 {[%emt 0:00:00]} 55. Bc1 {[%emt 0:00:00]} c5 {[%emt 0:00:04]} 56. Rf3+ {[%emt 0:00:14]} Kg6 {[%emt 0:00:30]} 57. Bb2 {[%emt 0:01:05]} Re4 {[%emt 0:00:00]} 58. Rg3+ {[%emt 0:00:30]} Kf7 {[%emt 0:00:15]} 59. Rf3+ {[%emt 0:00:00]} Kg6 {[%emt 0:02:05]} 60. Rg3+ {[%emt 0:00:17]} 1/2-1/2

[Event "44th Badalona Open 2018"]
[Site "Badalona"]
[Date "2018.08.09"]
[Round "9"]
[White "Ootes, Lars"]
[Black "Gorti, Akshita"]
[Result "1/2-1/2"]
[WhiteElo "2378"]
[BlackElo "2327"]
[Annotator "NA"]
[PlyCount "56"]
[EventDate "2018.08.01"]
[EventType "swiss"]
[EventCountry "ESP"]
[SourceTitle "playchess.com"]
[Source "ChessBase"]
[SourceQuality "1"]
[TimeControl "5400+30"]

1. c4 e6 {[%emt 0:00:00]} 2. Nc3 {[%emt 0:10:54]} d5 {[%emt 0:00:17]} 3. e3 {[%emt 0:00:00]} Nf6 {[%emt 0:00:30]} 4. Nf3 {[%emt 0:00:13]} Be7 {[%emt 0:00:29]} 5. b3 {[%emt 0:00:30]} O-O {[%emt 0:00:16]} 6. Bb2 {[%emt 0:00:22]} c5 {[%emt 0:00:45]} 7. cxd5 {[%emt 0:00:21]} Nxd5 {[%emt 0:00:13]} 8. a3 {[%emt 0:00:51]} Nc6 9. Qc2 {[%emt 0:02:47]} b6 {[%emt 0:02:48]} 10. h4 {[%emt 0:00:37]} f5 {[%emt 0:00:06]} 11. Nxd5 {[%emt 0:00:30]} exd5 {[%emt 0:00:56]} 12. d4 {[%emt 0:14:32]} Be6 {[%emt 0:02:47]} 13. Rd1 {[%emt 0:03:56]} Rc8 {[%emt 0:01:47]} 14. Ba6 {[%emt 0:08:17]} Rc7 {[%emt 0:09:45]} 15. Qe2 {[%emt 0:03:09]} h6 {[%emt 0:09:30]} 16. h5 {[%emt 0:15:37]} Bf6 {[%emt 0:05:41]} 17. Bb5 {[%emt 0:01:47]} Na5 {[%emt 0:02:29]} 18. dxc5 {[%emt 0:00:30]} bxc5 {[%emt 0:02:24]} 19. b4 {[%emt 0:01:55]} cxb4 {[%emt 0:01:44]} 20. axb4 {[%emt 0:00:44]} Nc4 {[%emt 0:01:07]} 21. Bxc4 {[%emt 0:19:11]} Rxc4 {[%emt 0:04:05]} 22. Qxc4 {[%emt 0:00:30]} dxc4 {[%emt 0:00:48]} 23. Rxd8 {[%emt 0:00:02]} Bxd8 {[%emt 0:00:30]} 24. Bd4 {[%emt 0:02:19]} Be7 {[%emt 0:06:33]} 25. Bc3 {[%emt 0:00:30]} Rb8 {[%emt 0:00:30]} 26. Nd4 {[%emt 0:01:04]} Bf6 {[%emt 0:10:29]} 27. Kd2 {[%emt 0:01:25]} Bxd4 {[%emt 0:00:30]} 28. exd4 Bd5 {[%emt 0:06:59]} 1/2-1/2

[Event "44th Badalona Open 2018"]
[Site "Badalona"]
[Date "2018.08.09"]
[Round "9"]
[White "Ferrante, Marco"]
[Black "Munoz, Miguel"]
[Result "*"]
[WhiteElo "2330"]
[BlackElo "2475"]
[Annotator "TA"]
[PlyCount "27"]
[EventDate "2018.08.01"]
[EventType "swiss"]
[EventCountry "ESP"]
[SourceTitle "playchess.com"]
[Source "ChessBase"]
[SourceQuality "1"]

{[%evp 18,27,86,60,100,108,110,92,101,88,126,118]} 1. e4 d5 2. exd5 Qxd5 3. Nc3 Qa5 4. d4 Nf6 5. Bd2 Qb6 6. Nf3 Bg4 {B01: Scandinavian Defence} 7. h3 Bxf3 8. Qxf3 c6 9. O-O-O e6 10. g4 {[%cal Bg2g4,Bg4g5][%mdl 32] LiveBook: 4 Games} (10. Kb1 Nbd7 11. g4 Bb4 12. g5 Bxc3 13. Bxc3 Nd5 14. Be1 O-O 15. c4 Ne7 16. Bd3 c5 17. Bc3 Nc6 18. dxc5 Nxc5 19. Bxh7+ {1-0 (19) Fressinet,L (2667)-Munoz Pantoja,M (2494) Barcelona 2017}) 10... Nbd7 11. g5 {White is better.} Nd5 12. Nxd5 cxd5 13. h4 $146 ({Predecessor:} 13. c3 Rc8 14. Kb1 {1-0 (52) Postupa,P (2226)-Hosticka,F (2192) Prague 2015}) 13... Bd6 14. Kb1 *

[Event "44th Badalona Open 2018"]
[Site "Badalona"]
[Date "2018.08.09"]
[Round "9"]
[White "Harikrishnan, A Ra"]
[Black "Verstraeten, Reinaert"]
[Result "1/2-1/2"]
[WhiteElo "2301"]
[BlackElo "2303"]
[Annotator "NA"]
[PlyCount "57"]
[EventDate "2018.08.01"]
[EventType "swiss"]
[EventCountry "ESP"]
[SourceTitle "playchess.com"]
[Source "ChessBase"]
[SourceQuality "1"]
[TimeControl "5400+30"]

1. Nf3 {[%emt 0:00:00]} Nf6 {[%emt 0:00:00]} 2. c4 g6 {[%emt 0:00:00]} 3. g3 {[%emt 0:00:00]} Bg7 4. Bg2 {[%emt 0:00:00]} O-O {[%emt 0:00:00]} 5. O-O {[%emt 0:00:00]} d6 {[%emt 0:00:59]} 6. d4 {[%emt 0:00:00]} Nc6 {[%emt 0:00:00]} 7. h3 {[%emt 0:00:00]} a6 {[%emt 0:00:06]} 8. Nc3 {[%emt 0:00:14]} Rb8 {[%emt 0:00:21]} 9. e4 {[%emt 0:00:10]} b5 10. d5 {[%emt 0:00:05]} Na5 {[%emt 0:00:53]} 11. cxb5 {[%emt 0:00:05]} axb5 {[%emt 0:03:36]} 12. b4 {[%emt 0:00:05]} Nc4 {[%emt 0:04:49]} 13. Nd4 {[%emt 0:00:06]} Bd7 14. a4 {[%emt 0:00:01]} bxa4 {[%emt 0:03:05]} 15. b5 {[%emt 0:00:09]} Nb6 {[%emt 0:08:53]} 16. Qd3 {[%emt 0:01:41]} e6 {[%emt 0:12:00]} 17. Be3 {[%emt 0:00:12]} exd5 {[%emt 0:05:51]} 18. exd5 {[%emt 0:07:25]} Re8 {[%emt 0:00:10]} 19. Nc6 {[%emt 0:01:36]} Bxc6 {[%emt 0:02:42]} 20. bxc6 {[%emt 0:02:53]} Nc8 {[%emt 0:01:10]} 21. Rxa4 {[%emt 0:08:16]} Ne7 {[%emt 0:01:18]} 22. g4 {[%emt 0:05:27]} h5 {[%emt 0:01:27]} 23. Bf3 {[%emt 0:00:40]} hxg4 {[%emt 0:06:25]} 24. hxg4 {[%emt 0:22:47]} Nh7 {[%emt 0:16:14]} 25. Ne4 {[%emt 0:20:02]} Nf6 {[%emt 0:00:12]} 26. Nc3 {[%emt 0:04:46]} Nh7 {[%emt 0:05:50]} 27. Ne2 {[%emt 0:04:33]} Be5 {[%emt 0:04:14]} 28. Bg2 {[%emt 0:02:44]} Ra8 29. Rxa8 1/2-1/2